00773nam a22002417a 45000010005000000030006000050050017000110080041000280200018000690400029000870820008001161000028001242450052001522500022002042600057002263000048002834900024003315050009003555200101003645210019004655210021004846500026005053880FISKH20240521083905.0240521b cb ||||| |||| 00| 0 eng d a9780823963362 aFISKHbengcFISKHdFISKH a580 aLeigh, Autumn eauthor  aFrom the farm to the table /cby Autumn, Leigh  aPublished in 2010 aNew York : bThe Rosen Publishing Group, Inc .c2010 a8 pages : bcolor illustrations ;c22 cm .  aRosen Real Readers  aAA  aDescribes the cycle of food, from being grown on a farm to sold in a market to consumed at home.8 a30 bLexile 8 aAA bRaz-Plus  aplants vnon-fiction